000 00279nam a2200121Ia 4500
008 191201s2012 xx 000 0 und d
100 _aKANTER,Jerome
245 0 _aManaging with information
250 _a4th
260 _c2012
_bPHI
_aNEW DELHI
300 _a444
942 _2ddc
_cBK
999 _c7865
_d7865